Designing Web site images: A practical guide

This books covers the creation and handling of graphics for the World Wide Web, including image management strategies, compression, palettes, graphic creation and manipulation, conversion, working with display text, simple animations, and Photoshop's "onionkinning" techniques for anim...

Full beskrivning

Sparad:
Bibliografiska uppgifter
Huvudupphovsman: Gene Berryhill
Materialtyp: Bok
Språk:Undetermined
Publicerad: Albany, New York Delmar 2000
Ämnen:
Taggar: Lägg till en tagg
Inga taggar, Lägg till första taggen!
Thư viện lưu trữ: Trung tâm Học liệu Trường Đại học Cần Thơ
LEADER 00865nam a2200205Ia 4500
001 CTU_42277
008 210402s9999 xx 000 0 und d
020 |b 359.000đ 
082 |a 006.68 
082 |b B534 
100 |a Gene Berryhill 
245 0 |a Designing Web site images: A practical guide 
245 0 |c Gene Berryhill 
260 |a Albany, New York 
260 |b Delmar 
260 |c 2000 
520 |a This books covers the creation and handling of graphics for the World Wide Web, including image management strategies, compression, palettes, graphic creation and manipulation, conversion, working with display text, simple animations, and Photoshop's "onionkinning" techniques for animation. 
650 |a web sites,world wide web ( information retrieval system ) 
904 |i Minh, 010718 
980 |a Trung tâm Học liệu Trường Đại học Cần Thơ